<?xml version="1.0" encoding="UTF-8"?>
<record
    xmlns:xsi="http://www.w3.org/2001/XMLSchema-instance"
    xsi:schemaLocation="http://www.loc.gov/MARC21/slim http://www.loc.gov/standards/marcxml/schema/MARC21slim.xsd"
    xmlns="http://www.loc.gov/MARC21/slim">

  <leader>00451nam a22001217a 4500</leader>
  <datafield tag="999" ind1=" " ind2=" ">
    <subfield code="c">9979</subfield>
    <subfield code="d">9979</subfield>
  </datafield>
  <controlfield tag="003">OSt</controlfield>
  <controlfield tag="008">201218b           ||||| |||| 00| 0 eng d</controlfield>
  <datafield tag="245" ind1=" " ind2=" ">
    <subfield code="a">The IUP Journal of Information Technology </subfield>
  </datafield>
  <datafield tag="250" ind1=" " ind2=" ">
    <subfield code="a">2017(Mar Vol.13 No.1, Jun Vol.13 No.2, Sep Vol.13 No.3, Dec Vol.13 No.4) 2018(Mar Vol.14 No.1, Jun Vol.14 No.2, Sep Vol.14 No.3, Dec Vol.14 No.4)</subfield>
  </datafield>
  <datafield tag="260" ind1=" " ind2=" ">
    <subfield code="a">Hyderabad </subfield>
    <subfield code="b">IUP Publications</subfield>
  </datafield>
  <datafield tag="650" ind1=" " ind2=" ">
    <subfield code="a">Information Technology</subfield>
  </datafield>
  <datafield tag="942" ind1=" " ind2=" ">
    <subfield code="2">ddc</subfield>
    <subfield code="c">BV</subfield>
  </datafield>
  <datafield tag="952" ind1=" " ind2=" ">
    <subfield code="0">0</subfield>
    <subfield code="1">0</subfield>
    <subfield code="2">ddc</subfield>
    <subfield code="3">Bound Volume</subfield>
    <subfield code="4">0</subfield>
    <subfield code="7">1</subfield>
    <subfield code="8">BTECHIT</subfield>
    <subfield code="a">PIET</subfield>
    <subfield code="b">PIET</subfield>
    <subfield code="d">2020-12-18</subfield>
    <subfield code="e">IUP Publications</subfield>
    <subfield code="h">2017(Mar Vol.13 No.1, Jun Vol.13 No.2, Sep Vol.13 No.3, Dec Vol.13 No.4) 2018(Mar Vol.14 No.1, Jun Vol.14 No.2, Sep Vol.14 No.3, Dec Vol.14 No.4)</subfield>
    <subfield code="l">0</subfield>
    <subfield code="p">BV717</subfield>
    <subfield code="r">2020-12-18 00:00:00</subfield>
    <subfield code="w">2017-01-09</subfield>
    <subfield code="y">BV</subfield>
  </datafield>
</record>
